000 00266nam a2200109 a 4500
005 20140414093833.0
008 970110s19uu xx 00 eng d
050 _aVHS 700
_bOR 04
245 _aMusic Magic Video Library :
_bRhythm.
942 _cAVM
999 _c108816
_d108816